| 000 | 00380nam a2200157Ia 4500 | ||
|---|---|---|---|
| 008 | 230917s9999||||xx |||||||||||||| ||und|| | ||
| 040 |
_e129081 _aMAIN |
||
| 041 | _aEnglish | ||
| 082 | _a332.6 A11I | ||
| 100 | _aAvadhani, V A | ||
| 245 | 0 | _aInvestment management | |
| 250 | _a5th ed. | ||
| 260 |
_aMumbai _bHimalaya Publishing House _c2006 |
||
| 300 | _a676 p. | ||
| 942 | _cBK | ||
| 999 |
_c144896 _d144896 |
||